000 00951cam a2200289 a 4500
999 _c4521
_d4521
001 4751969
003 GBCCL
005 20241126110520.0
008 851024s1985 ilu 001 0 eng
010 _a 85026022
020 _a0802451128 (pbk.) :
_c$3.50
040 _aDLC
_cDLC
_dDLC
050 0 0 _aBT375.2
_b.M28 1985
082 0 0 _a226.206
_219
_bMAC
100 1 _aMacArthur, John,
_d1939-
_91165
245 1 4 _aThe parables of the kingdom /
_cby John MacArthur, Jr.
260 _aChicago :
_bMoody Press,
_cc1985.
300 _a134 p. ;
_c22 cm.
490 1 _aJohn MacArthur's Bible studies
500 _aIncludes index.
600 0 0 _aJesus Christ
_xParables.
_92282
630 0 0 _aBible.
_pMatthew, XIII, 1-52
_xCriticism, interpretation, etc.
_98394
650 0 _aKingdom of God
_xBiblical teaching.
_94057
800 1 _aMacArthur, John,
_d1939-
_tBible studies.
_98395
906 _a7
_bcbc
_corignew
_d1
_eocip
_f19
_gy-gencatlg
942 _2ddc
_cBK
_04